Cien años de soledad
Guardado en:
| Autor principal: | |
|---|---|
| Formato: | Libro |
| Lenguaje: | español |
| Publicado: |
Bogotá
Real Academia Española
2007
Bogotá Asociación de Academias de la Lengua Española 2007 |
| Materias: | |
| Etiquetas: |
Agregar Etiqueta
Sin Etiquetas, Sea el primero en etiquetar este registro!
|
MARC
| LEADER | 00000nam a2200000 a 4500 | ||
|---|---|---|---|
| 001 | UCI1846 | ||
| 003 | CL-VaPUC | ||
| 008 | 070720e20070000ck |||||||||||||||||spa|d | ||
| 020 | |a 9788420471839 | ||
| 082 | 0 | 4 | |a Co863.09 |b GAR |2 21 |
| 100 | 0 | |a García Márquez, Gabriel |e author |9 318478 | |
| 245 | 1 | 0 | |a Cien años de soledad |
| 300 | |a 606 p | ||
| 942 | |c BK | ||
| 945 | |d 20070720 00:00:00 |a jtorresc | ||
| 260 | |a Bogotá |b Real Academia Española |c 2007 | ||
| 260 | |a Bogotá |b Asociación de Academias de la Lengua Española |c 2007 | ||
| 500 | |a Edición conmemorativa | ||
| 650 | 0 | |a Novela colombiana |9 318718 | |
| 650 | 0 | |a Literatura colombiana |9 315578 | |
| 650 | 0 | |a Crítica e interpretación literaria |9 266284 | |
| 583 | |a last modification |c 20171211 01:16:36 |k Rodrigo Vera | ||
| 999 | |c 326559 |d 326557 | ||
| 952 | |0 0 |1 0 |2 ddc |4 0 |6 CO_863_090000000000000_GAR_2007_2007 |7 0 |8 A |9 408508 |a BIBART |b BIBART |d 2019-11-22 |i 4358414 |l 1 |o Co863.09 GAR 2007 2007 |p 4358414 |r 2025-03-13 |s 2024-08-27 |w 2019-11-22 |y BK |k ART | ||
| 952 | |0 0 |1 0 |2 ddc |4 0 |6 CO_863_090000000000000_GAR_2007_2007 |7 0 |8 A |9 408509 |a BIBARQ |b BIBARQ |d 2019-11-22 |i 4358422 |l 4 |m 2 |o Co863.09 GAR 2007 2007 |p 4358422 |r 2025-01-20 |s 2024-06-25 |w 2019-11-22 |y BK |k ARQ | ||
| 952 | |0 0 |1 0 |2 ddc |4 0 |6 CO_863_090000000000000_GAR_2007_2007 |7 0 |8 A |9 408510 |a BIBCUR |b BIBCUR |d 2019-11-22 |i 4358430 |l 4 |m 1 |o Co863.09 GAR 2007 2007 |p 4358430 |r 2025-04-22 |s 2023-04-28 |w 2019-11-22 |y BK |k PER | ||
| 952 | |0 0 |1 0 |2 ddc |4 0 |6 CO_863_090000000000000_GAR_2007_2007 |7 0 |8 A |9 408511 |a BIBAGR |b BIBAGR |d 2019-11-22 |i 4358449 |l 3 |o Co863.09 GAR 2007 2007 |p 4358449 |r 2025-01-20 |s 2023-11-20 |w 2019-11-22 |y BK |k AGR | ||
| 952 | |0 0 |1 0 |2 ddc |4 0 |6 CO_863_090000000000000_GAR_2007_2007 |7 0 |8 R |9 408512 |a BIBEDU |b BIBEDU |c RES |d 2019-11-22 |i 4358465 |l 1 |o Co863.09 GAR 2007 2007 |p 4358465 |r 2023-01-12 |s 2022-04-04 |w 2019-11-22 |y BK_R |k MUS | ||
| 952 | |0 0 |1 0 |2 ddc |4 0 |6 CO_863_090000000000000_GAR_2007_2007 |7 0 |8 A |9 408513 |a BIBDER |b BIBDER |d 2019-11-22 |i 4358473 |l 2 |o Co863.09 GAR 2007 2007 |p 4358473 |r 2023-01-25 |s 2022-11-02 |w 2019-11-22 |y BK |k DER | ||
| 952 | |0 0 |1 0 |2 ddc |4 0 |6 CO_863_090000000000000_GAR_2007_2007 |7 0 |8 A |9 408516 |a BIBING |b BIBING |d 2019-11-22 |i 4358503 |o Co863.09 GAR 2007 2007 |p 4358503 |r 2023-03-02 |w 2019-11-22 |y BK |k ING | ||
| 952 | |0 0 |1 0 |2 ddc |4 0 |6 CO_863_090000000000000_GAR_2007_2007 |7 0 |8 A |9 408518 |a BIBHIS |b BIBHIS |d 2019-11-22 |i 435852K |o Co863.09 GAR 2007 2007 |p 435852K |r 2025-01-20 |w 2019-11-22 |y BK |k HIS | ||
| 952 | |0 0 |1 0 |2 ddc |4 0 |6 CO_863_090000000000000_GAR_2007_2007 |7 0 |8 A |9 408519 |a BIBHIS |b BIBHIS |d 2019-11-22 |i 4358538 |l 1 |o Co863.09 GAR 2007 2007 |p 4358538 |r 2025-01-20 |s 2023-08-08 |w 2019-11-22 |y BK |k HIS | ||
| 952 | |0 0 |1 0 |2 ddc |4 0 |6 CO_863_090000000000000_GAR_2007_2007 |7 0 |8 A |9 408520 |a BIBHIS |b BIBHIS |d 2019-11-22 |i 4358546 |o Co863.09 GAR 2007 2007 |p 4358546 |r 2019-11-22 |w 2019-11-22 |y BK |k HIS | ||
| 952 | |0 0 |1 0 |2 ddc |4 0 |6 CO_863_090000000000000_GAR_2007_2007 |7 0 |8 A |9 408521 |a BIBEDU |b BIBEDU |d 2019-11-22 |i 4358554 |o Co863.09 GAR 2007 2007 |p 4358554 |r 2019-11-22 |w 2019-11-22 |y BK |k EDU | ||
| 952 | |0 0 |1 0 |2 ddc |4 0 |6 CO_863_090000000000000_GAR_2007_2007 |7 0 |8 A |9 408522 |a BIBEDU |b BIBEDU |d 2019-11-22 |i 4358562 |l 3 |m 2 |o Co863.09 GAR 2007 2007 |p 4358562 |r 2022-05-27 |s 2022-05-27 |w 2019-11-22 |y BK |k EDU | ||
| 952 | |0 0 |1 0 |2 ddc |4 0 |6 CO_863_090000000000000_GAR_2007_2007 |7 0 |8 A |9 408523 |a BIBEDU |b BIBEDU |d 2019-11-22 |i 4358570 |o Co863.09 GAR 2007 2007 |p 4358570 |r 2019-11-22 |w 2019-11-22 |y BK |k EDU | ||
| 952 | |0 0 |1 0 |2 ddc |4 0 |6 CO_863_090000000000000_GAR_2007_2007 |7 0 |8 A |9 408524 |a FDOPOS |b FDOPOS |d 2019-11-22 |i 4358694 |o Co863.09 GAR 2007 2007 |p 4358694 |r 2025-01-22 |w 2019-11-22 |y BK |k MLH | ||
| 952 | |0 0 |1 0 |2 ddc |4 0 |6 CO_863_090000000000000_GAR_2007_2007 |7 0 |8 A |9 408525 |a FDOPOS |b FDOPOS |d 2019-11-22 |i 4358686 |o Co863.09 GAR 2007 2007 |p 4358686 |r 2025-01-22 |w 2019-11-22 |y BK |k MLH | ||
| 952 | |0 0 |1 0 |2 ddc |4 0 |6 CO_863_090000000000000_GAR_2007_2007 |7 0 |8 A |9 408526 |a FDOPOS |b FDOPOS |d 2019-11-22 |i 4358708 |o Co863.09 GAR 2007 2007 |p 4358708 |r 2025-01-22 |w 2019-11-22 |y BK |k MLH | ||
| 952 | |0 0 |1 0 |2 ddc |4 0 |6 CO_863_090000000000000_GAR_2007_2007 |7 0 |8 A |9 408527 |a BIBEDU |b BIBEDU |d 2019-11-22 |i 4358589 |o Co863.09 GAR 2007 2007 |p 4358589 |r 2019-11-22 |w 2019-11-22 |y BK |k LIT | ||
| 952 | |0 0 |1 0 |2 ddc |4 0 |6 CO_863_090000000000000_GAR_20072007 |7 0 |8 A |9 408528 |a BIBEDU |b BIBEDU |d 2019-11-22 |i 4358597 |o Co863.09 GAR 20072007 |p 4358597 |r 2019-11-22 |w 2019-11-22 |y BK |k LIT | ||
| 952 | |0 0 |1 0 |2 ddc |4 0 |6 CO_863_090000000000000_GAR_2007_2007 |7 0 |8 A |9 408529 |a BIBEDU |b BIBEDU |d 2019-11-22 |i 4358600 |o Co863.09 GAR 2007 2007 |p 4358600 |r 2019-11-22 |w 2019-11-22 |y BK |k LIT | ||
| 952 | |0 0 |1 0 |2 ddc |4 0 |6 CO_863_090000000000000_GAR_2007_2007 |7 0 |8 A |9 408530 |a BIBEDU |b BIBEDU |d 2019-11-22 |i 4358619 |l 3 |o Co863.09 GAR 2007 2007 |p 4358619 |r 2022-05-26 |s 2022-05-23 |w 2019-11-22 |y BK |k LIT | ||
| 952 | |0 0 |1 2 |2 ddc |4 0 |6 CO_863_090000000000000_GAR_2007_2007 |7 0 |8 A |9 408531 |a BIBGIM |b BIBGIM |d 2019-11-22 |i 4358627 |o Co863.09 GAR 2007 2007 |p 4358627 |r 2019-11-22 |w 2019-11-22 |y BK |k GIM | ||
| 952 | |0 0 |1 0 |2 ddc |4 0 |6 CO_863_090000000000000_GAR_2007_2007 |7 0 |8 A |9 408532 |a BIBEDU |b BIBEDU |d 2019-11-22 |i 4358635 |o Co863.09 GAR 2007 2007 |p 4358635 |r 2019-11-22 |w 2019-11-22 |y BK |k LIT | ||
| 952 | |0 0 |1 0 |2 ddc |4 0 |6 CO_863_090000000000000_GAR_2007_2007 |7 0 |8 A |9 408533 |a BIBEDU |b BIBEDU |d 2019-11-22 |i 4358643 |o Co863.09 GAR 2007 2007 |p 4358643 |r 2019-11-22 |w 2019-11-22 |y BK |k LIT | ||
| 952 | |0 0 |1 2 |2 ddc |4 0 |6 CO_863_090000000000000_GAR_2007_2007 |7 0 |8 A |9 408534 |a BIBGIM |b BIBGIM |d 2019-11-22 |i 4358651 |o Co863.09 GAR 2007 2007 |p 4358651 |r 2019-11-22 |w 2019-11-22 |y BK |k GIM | ||
| 952 | |0 0 |1 0 |2 ddc |4 0 |6 CO_863_090000000000000_GAR_2007_2007 |7 0 |8 A |9 408536 |a BIBEDU |b BIBEDU |d 2019-11-22 |i 4358678 |l 4 |o Co863.09 GAR 2007 2007 |p 4358678 |r 2022-06-02 |s 2022-05-23 |w 2019-11-22 |y BK |k LIT | ||
| 952 | |0 0 |1 0 |2 ddc |4 0 |6 CO_863_090000000000000_GAR_2007_2007 |7 0 |8 X |9 408538 |a FDOBUD |b FDOBUD |d 2019-11-22 |i 4596439 |o Co863.09 GAR 2007 2007 |p 4596439 |r 2019-11-22 |w 2019-11-22 |y BK_X |k BUD | ||